| 000 | 00627nam a2200229 a 4500 | ||
|---|---|---|---|
| 001 | nice12345678 | ||
| 003 | IN_TiNIC | ||
| 005 | 20260116013059.0 | ||
| 008 | 050524s1993 cama grp 000 0 eng | ||
| 020 |
_a0521099 _c305 |
||
| 082 | 0 | 0 |
_a909.097671 _bMAN |
| 100 | _aMantin, Peter | ||
| 245 | _aIslamic World, Beliefs and Civilizations-600-1600 | ||
| 260 |
_aCambridge _bCambridge University Press _c1993 |
||
| 300 | _a64p | ||
| 500 | _aincludes index and biblioraphy | ||
| 505 | 2 | _aGlossary, Reference, Index | |
| 650 | _aIslamic-Countries Civilization | ||
| 902 | _bSRS | ||
| 942 | _cBK | ||
| 999 |
_c9568 _d9568 |
||